000 00824nam a2200253Ia 4500
003 OSt
005 20220926004525.0
006 a|||||r|||| 00| 0
007 ta
008 220923b |||||||| |||| 00| 0 eng d
020 _a9788131610893
_c795.00
037 _b00051, 03/02/2020, The Bookseller
_cGeneral Book
040 _aRTL
_cRTL
_beng
041 _2eng
_aeng
082 _aY592:68.2, Q9
100 _aSILVERBERG James
_9308781
245 0 _aSocial mobility in the caste system in India
_b An interdisciplinary symposium.
260 _a New Delhi
_bRawat Publications
_c2019
300 _a155p.
_ccm.
500 _aBibliography: p 238-66
650 _aGeography
942 _hY592:68.2, Q9
_cGB
_2CC
999 _c611466
_d611466